000 00524ntaaa2200205 4500
003 01
005 20251027203150.0
008 0714s1973 ag 01
020 _a9509989207
040 _aAR-BaBN
_bspa
_cAR-BaBN
_eaacr
_dRIC
082 _a253.2000 Az1
100 _aAzzati, Roberto
_931915
245 _aElementos de etica pastoral
250 _a1 ed.
260 _aBuenos Aires :
_bEd. del Rey,
_c1992
300 _a97 p ;
_c17 cm
700 _aPaulk, Don
_933124
700 _aDellutri, Salvador
_914887
942 _cBK
999 _c27107
_d27107